Pokémon - Les attaques de Jirachi - Statistiques

Statistiques générales
  • Ce quiz a été pris 13 fois
  • Le résultat moyen est 9 sur 16
Statistiques - réponses
Niveaux Types Noms des attaques % Correct
Départ Psy Choc Mental
100%
Niveau 42 Psy Psyko
100%
Niveau 28 Psy Psykoud'Boul
100%
Départ Normal Vœu
100%
Niveau 98 Acier Vœu Destructeur
100%
Niveau 21 Eau Fontaine de Vie
83%
Niveau 70 Psy Prescience
83%
Niveau 63 Psy Repos
83%
Niveau 56 Psy Vœu Soin
83%
Niveau 77 Normal Damoclès
33%
Niveau 91 Normal Dernier Recours
33%
Niveau 7 Normal Météores
17%
Niveau 49 Acier Poing Météore
17%
Niveau 14 Normal Coup d'Main
0%
Niveau 84 Psy Force Cosmique
0%
Niveau 35 Psy Gravité
0%
Aucun quiz correspondant
Distribution des résultats
% des personnes avec chaque résultat
Percentile par nombre de réponses
Votre historique - résultats
Vous n’avez pas pris ce quiz